01331nam a2200325 a 4500001001200000003000800012006001900020007001500039008004100054020002500095020002900120020002700149040002100176035002100197043001200218050002500230100002600255245014900281260004200430300001500472440005000487504005100537533015200588650003400740651004200774655002900816710001700845856012600862999001700988ebr10635907CaPaEBRm u cr cn|||||||||130107s2012 ne sb 001 0 eng d z9789462090699 (pbk.) z9789462090705 (hardback) z9789462090712 (e-book) aCaPaEBRcCaPaEBR a(OCoLC)822997166 ae-fr---14aHN425.5b.P38 2012eb1 aPatron, Marie-Claire.14aThe legacy of the baby boomers or the French social system?h[electronic resource] :bissues of equality and brain drain /cMarie-Claire Patron. aRotterdam :bSense Publishers,c2012. axi, 201 p. 0aBold visions in educational research ;vv. 36 aIncludes bibliographical references and index. aElectronic reproduction.bPalo Alto, Calif. :cebrary,d2013.nAvailable via World Wide Web.nAccess may be limited to ebrary affiliated libraries. 0aBaby boom generationzFrance. 0aFrancexSocial conditionsy1945-1995. 7aElectronic books.2local2 aebrary, Inc.40uhttp://site.ebrary.com/lib/rucke/Doc?id=10635907zAn electronic book accessible through the World Wide Web; click to view c45974d45974